|
|
|
|
| LEADER |
00000nam0a2200000 4500 |
| 001 |
283803 |
| 005 |
20231101235631.0 |
| 020 |
|
|
|a RU
|b 85-8987ж
|
| 035 |
|
|
|a (RuTPU)RU\TPU\book\307933
|
| 090 |
|
|
|a 283803
|
| 100 |
|
|
|a 20150210d1985 k y0rusy5003 ca
|
| 101 |
0 |
|
|a rus
|
| 102 |
|
|
|a RU
|
| 105 |
|
|
|a a z 001zy
|
| 200 |
1 |
|
|a Ископаемые скумбриевые СССР
|f А. Ф. Банников
|g Академия наук СССР (АН СССР), Палеонтологический институт (ПИН) ; под ред. Л. И. Новицкой
|
| 210 |
|
|
|a Москва
|c Наука
|d 1985
|
| 215 |
|
|
|a 111 с.
|c ил., 4 л. ил.
|
| 225 |
1 |
|
|a Труды Палеонтологического института
|v Т. 210
|
| 320 |
|
|
|a Библиогр.: с. 103-108
|
| 606 |
|
|
|a Скумбриевые ископаемые
|2 stltpush
|3 (RuTPU)RU\TPU\subj\55081
|9 73153
|
| 610 |
1 |
|
|a СССР
|
| 610 |
1 |
|
|a палеоген-неогеновые отложения
|
| 610 |
1 |
|
|a род
|
| 610 |
1 |
|
|a виды
|
| 610 |
1 |
|
|a остеология
|
| 610 |
1 |
|
|a происхождение
|
| 610 |
1 |
|
|a распространение
|
| 675 |
|
|
|a 567
|z rus
|v 3
|
| 700 |
|
1 |
|a Банников
|b А. Ф.
|g Александр Федорович
|
| 702 |
|
1 |
|a Новицкая
|b Л. И.
|4 340
|
| 712 |
0 |
2 |
|a Академия наук СССР (АН СССР)
|b Палеонтологический институт (ПИН)
|c (Москва)
|2 stltpush
|3 (RuTPU)RU\TPU\col\11384
|
| 801 |
|
0 |
|a RU
|b RuMRKP
|c 19950704
|g psbo
|
| 801 |
|
1 |
|a RU
|b 63413507
|c 20150210
|
| 801 |
|
2 |
|a RU
|b 63413507
|c 20171002
|g RCR
|
| 942 |
|
|
|c BK
|